000 00572nam a2200205Ia 4500
005 20221129101138.0
008 131103s9999 xx 000 0 und d
040 _aLoreto College
041 _aEnglish
082 _a821.8
_bTHO-REI
100 _aReid, J. C.
245 _aFrancis Thompson
_b man and poet
_cJ. C. Reid
260 _aLondon
_bRoutledge and Kegan Paul
_c1959
300 _axi,232p.
504 _aIncludes bibliography, index
650 _aFrancis Thompson - critisim
651 _aEnglish literature - 19th century
850 _aLCLIB
942 _cBK
999 _c21462
_d71941